| 000 | 01288nam a22002897a 4500 | ||
|---|---|---|---|
| 005 | 20130328122548.0 | ||
| 008 | 130328b xxu||||| |||| 00| 0 eng d | ||
| 010 | _aENG-106749 | ||
| 020 |
_a9788132110453 _c750.00 |
||
| 035 | _aEN-90282 | ||
| 037 | _bDBAD/PUB | ||
| 040 |
_aDPL _bEng |
||
| 082 | 0 | 0 |
_a306.2 _223 |
| 100 | 1 |
_aDeftereos, Christine, _d1974- |
|
| 245 | 1 | 0 |
_aAshis Nandy and the cultural politics of selfhood / _cby Christine Deftereos |
| 260 |
_aNew Delhi _bSAGE Publications _c2013 |
||
| 270 |
_aB1/I-1Mohan Cooperative Industrial Area Mathura Road _bNew Delhi _e110044 |
||
| 300 |
_axi,265p. _c24cm(Hb) |
||
| 500 | _aIncludes bibliographical references and index. | ||
| 505 | 0 | _aEading the politics of blame -- The conceptual battleground of anti-secularism and culturalism -- Critique at the threshold of politics -- Revolt and the role of the critic -- Critical interventions: towards the psychotherapeutic -- The psychotherapeutic as a mode of social criticism -- Conclusion: re-imaginings in the cultural politics of selfhood . | |
| 600 | 1 | 0 | _aNandy, Ashis. |
| 650 | 0 |
_aPolitical psychology _zIndia. |
|
| 650 | 0 |
_aPsychoanalysis _zIndia. |
|
| 650 | 0 |
_aSecularism _zIndia. |
|
| 650 | 0 |
_aToleration _zIndia. |
|
| 942 |
_2ddc _cEN _h306.2 _mDEF |
||
| 999 |
_c74016 _d74016 |
||